| 000 | 00559nam a22001697a 4500 | ||
|---|---|---|---|
| 003 | NUST | ||
| 038 | _aNusrat Nadeem | ||
| 082 | _a200 | ||
| 100 |
_aMaqbool Sundus Naila _9124176 |
||
| 245 |
_aEffect of combinatorial drug therapy on the progression of breast cancer/ _cSundus Naila Maqbool |
||
| 264 |
_aIslamabad; _bASAB NUST; _c2023. |
||
| 300 |
_a135,p; _bill; _c30,cm. |
||
| 650 |
_aPhD-Applied Biosciences _9123210 |
||
| 700 |
_aSupervisor:Dr.Rumeza Hanif _9124148 |
||
| 856 | _u http://10.250.8.41:8080/xmlui/handle/123456789/30253 | ||
| 942 |
_2ddc _cSC |
||
| 999 |
_c610116 _d610116 |
||